Das Tauf-, Heirats- und Sterberegister der katholischen Kirche zu Kobulten im Landkreis Ortelsburg in den Jahren 1894 bis 1945

Titel: Das Tauf-, Heirats- und Sterberegister der katholischen Kirche zu Kobulten im Landkreis Ortelsburg in den Jahren 1894 bis 1945 / von Michael Bulitta, Martin Jend, Marc Patrik Plessna
Beteiligt: ; ;
Veröffentlicht: Bonn : Selbstverlag der GeAGNO, 2016
Format: Mehrteiliges Werk
Sprache: Deutsch
Schriftenreihe/
mehrbändiges Werk:
Schriften der Genalogischen Arbeitsgemeinschaft Neidenburg und Ortelsberg ; Nr. 32
Historische Einwohner-Verzeichnisse (HEV) für das ehemalige Südostpreußen
Schlagworte:
Bände: alle Bände anzeigen
Kein Bild verfügbar
X
alg: 39652311
001A    $03004:12-12-16 
001B    $01999:24-10-25 $t22:16:33.000 
001C    $03004:12-12-16 $t07:58:36.000 
001D    $03004:12-12-16 
001U    $0utf8 
001X    $00 
002@    $0Acu 
002C    $aText $btxt $2rdacontent 
002D    $aohne Hilfsmittel zu benutzen $bn $2rdamedia 
002E    $aBand $bnc $2rdacarrier 
003@    $0396523110 
007A    $0396523110 $aHEB 
010@    $ager 
010E    $erda 
011@    $a2016 
013D    $RQuelle $#Regesten $#Urkundenbuch Regest $#Urkunde Regest $74049007-5 $8Regest [Ts1] $9085136581 
021A    $aDas @Tauf-, Heirats- und Sterberegister der katholischen Kirche zu Kobulten im Landkreis Ortelsburg in den Jahren 1894 bis 1945 $hvon Michael Bulitta, Martin Jend, Marc Patrik Plessna 
028C    $BMitwirkender $4ctb $7143964895 $8Bulitta, Michael$Z1957- [Tp1] $9234657022 
028C    $BMitwirkender $4ctb $7 $8Jend, Martin [Tnd] $9149637772 
028C    $BMitwirkender $#Plessa, Marc $4ctb $71379803403 $8Plessa, Marc Patrik$Z1968- [Tp3] $953455587X 
033A    $pBonn $nSelbstverlag der GeAGNO 
036E    $aSchriften der Genalogischen Arbeitsgemeinschaft  Neidenburg und Ortelsberg $lNr. 32 
036G    $aHistorische Einwohner-Verzeichnisse (HEV) für das ehemalige Südostpreußen 
044K    $RWoiwodschaft Ermland-Masuren $RKreis Allenstein $#Kobuten Allenstein $#Kobulten Ortelsburg $#Kobułty Szczytno $71235771997 $8Kobułty$gOlsztyn [Tg3] $9480511071 
044K    $RAmtsbuch $#Church records and registers $#Registres paroissiaux $#Libri parrocchiali $#Registros eclesiásticos $#Matrikel Kirche $#Pfarrbuch $#Pfarrmatrikel $#Taufbuch $#Taufregister $#Trauregister $74129202-9 $8Kirchenbuch [Ts1] $9085451797 
045R    $aGeschichte 1894-1945 

lok: 39652311 24

exp: 39652311 24 1 #EPN
201B/01 $012-12-16 $t07:58:36.000 
201C/01 $012-12-16 
201U/01 $0utf8 
203@/01 $0796572437 
208@/01 $a12-12-16 $bda 
209B/01 $aEinzelbestellung (050) $x09 
220C/01 $ahae 

lok: 39652311 78

exp: 39652311 78 1 #EPN
201B/01 $018-06-21 $t10:57:59.000 
201C/01 $018-06-21 
201U/01 $0utf8 
203@/01 $01158563000 
208@/01 $a18-06-21 $be 
209A/01 $a/ $f000 $x00 
209A/01 $ab*p $x01 
220C/01 $apgar 
244Z/01 $#Generalgouvernement Polen $#Polska $#Rzeczpospolita Polska $#Polska Rzeczpospolita Ludowa $#Poland $#Pologne $#République Polonaise $#Generalne Gubernatorstwo w Polsce $#Polish People's Republic $#Polska Rzeczpospolita Polen $#PRL $#RP $#Polen Generalgouvernement $#Polska Generalgouvernement $#Besetzte Polnische Gebiete $#Besetztes Gebiet in Polen $#Okupowane Polskie Obszary $#Obszary Okupowane w Polsce $#Volksrepublik Polen $#Polska Rosyjska $#Republic Polen $#Respublika Pol'ša $#Pol'skaja Narodnaja Respublika $#République de Pologne $#Polen Links der Weichsel $#Polska po Lewej Stronie Wisły $#Lenkija $#Polija $#Gubernija Carstva Pol'skago $#Republik Polen $74046496-9 $8--Tg1--Polen $x01 $9085129801 
244Z/01 $#Preußen $#Preußen $#Brandenburg-Preußen $#Königreich Preußen $#Preußische Staaten $#Preußischer Staat $#Der @Preußische Staat $#Königlich Preußische Staaten $#Prusy Królewskie $#Königlich Preußen $#Prussia $74047194-9 $8--Tg1--Preußen $x02 $9085131652 
244Z/01 $#Powiat szczycieński $#Szczytno powiat $#Kreis Ortelsburg $#Ortelsburg Kreis $74043908-2 $8--Tg1--Kreis Ortelsburg $x03 $9085122815 
247C/01 $82080>Marburg/Lahn, Herder-Institut, Forschungsbibliothek, Bibliographieportal $9336309341
LEADER 00000cam a2200000 ca4500
001 396523110
003 DE-603
005 20251024221633.0
007 tu
008 161212s2016 xx |||| | u00||u|ger c
035 |a (DE-599)HEB396523110 
040 |a DE-603  |b ger  |c DE-603  |d DE-603  |e rda 
041 |a ger 
245 0 0 |a ˜Dasœ Tauf-, Heirats- und Sterberegister der katholischen Kirche zu Kobulten im Landkreis Ortelsburg in den Jahren 1894 bis 1945  |c von Michael Bulitta, Martin Jend, Marc Patrik Plessna 
264 1 |a Bonn  |b Selbstverlag der GeAGNO  |c 2016 
336 |a Text  |b txt  |2 rdacontent 
337 |a ohne Hilfsmittel zu benutzen  |b n  |2 rdamedia 
338 |a Band  |b nc  |2 rdacarrier 
490 0 |a Schriften der Genalogischen Arbeitsgemeinschaft Neidenburg und Ortelsberg  |v Nr. 32 
490 0 |a Historische Einwohner-Verzeichnisse (HEV) für das ehemalige Südostpreußen 
648 7 |a Geschichte 1894-1945  |2 gnd 
650 7 |a Kirchenbuch  |0 (DE-588)4129202-9  |0 (DE-603)085451797  |2 gnd 
651 7 |a Kobułty  |g Olsztyn  |0 (DE-588)1235771997  |0 (DE-603)480511071  |2 gnd 
655 7 |a Regest  |2 gnd-content  |0 (DE-588)4049007-5  |0 (DE-603)085136581 
700 1 |a Bulitta, Michael  |d 1957-  |e Mitwirkender  |4 ctb  |0 (DE-603)234657022  |0 (DE-588)143964895  |2 gnd 
700 1 |a Jend, Martin  |e Mitwirkender  |4 ctb  |0 (DE-603)149637772 
700 1 |a Plessa, Marc Patrik  |d 1968-  |e Mitwirkender  |4 ctb  |0 (DE-603)53455587X  |0 (DE-588)1379803403  |2 gnd 
924 0 |9 603  |a (DE-603)796572437  |b DE-603  |c HES  |d d 
924 0 |9 2080  |a (DE-603)1158563000  |b DE-2080  |c HES  |d d  |g /